000 004530000a22001810004500
003 MACL
005 20150828105840.0
008 150828b xxu||||| |||| 00| 0 eng d
040 _aMACL
_cMACL
041 _aEnglish
082 _a780/SEN
100 _aSengupta, Pradeep Kumar
_97746
245 _aFoundations Of Indian Musicology
260 _bAbhinav Publications
_c1991
_aNew Delhi
350 _a150
650 _aMusic
_97747
942 _cBK
_k780
_2ddc
999 _c4096
_d4096